Vista normal
Vista MARC
- Asociación de Padres de Niños con Deficiencias Auditivas
Entrada Nombre corporativo
Número de registros utilizados en: 2
001 - NÚMERO DE CONTROL
- campo de control: 2401
003 - IDENTIFICADOR DEL NÚMERO DE CONTROL
- campo de control: ES-MaFIAP
005 - FECHA Y HORA DE LA ÚLTIMA TRANSACCIÓN
- campo de control: 20231221145924.0
008 - DATOS DE LONGITUD FIJA
- campo de control de longitud fija: 231221|| aca||aabn | a|a d
040 ## - FUENTE DE LA CATALOGACIÓN
- Centro catalogador/agencia de origen: ES-MaFIAP
- Centro/agencia transcriptor: ES-MaFIAP
110 ## - ENCABEZAMIENTO-NOMBRE DE ENTIDAD CORPORATIVA
- Nombre de entidad corporativa o nombre de jurisdicción como elemento de entrada: Asociación de Padres de Niños con Deficiencias Auditivas
670 ## - FUENTE DE DATOS ENCONTRADOS
- Cita de la fuente: Work cat.: (ES-MaFIAP)951: Entornos lingüísticos. Manual de referencia / , 1993





